Language, rationality and the theory of restricted and elaborated codes /
Saved in:
| 主要作者: | |
|---|---|
| 格式: | Thesis 图书 |
| 语言: | English |
| 出版: |
1981
|
| 主题: | |
| 标签: |
添加标签
没有标签, 成为第一个标记此记录!
|
| LEADER | 00861cam a2200289 4500 | ||
|---|---|---|---|
| 001 | u50507 | ||
| 003 | SIRSI | ||
| 008 | 870807s1981 uk v 0 eng | ||
| 015 | |a X860002781 | ||
| 035 | |a AAF-4336 | ||
| 040 | |a UMM | ||
| 050 | 1 | |a P85.B4 | |
| 090 | 0 | 0 | |a P85 |b B4Win |
| 100 | 1 | 0 | |a Winch, C. A. |
| 245 | 1 | 0 | |a Language, rationality and the theory of restricted and elaborated codes / |c C. A. Winch |
| 260 | |c 1981 | ||
| 300 | |a ix, 551 leaves ; |c 26cm | ||
| 500 | |a Photocopy | ||
| 502 | |a Thesis (Ph.D.) - University of Bradford, 1981 | ||
| 504 | 0 | 0 | |a Bibliography: leaves 538-551 |
| 600 | 1 | 0 | |a Bernstein, Basil B. |
| 650 | 0 | |a Sociolinguistics |x Case studies | |
| 984 | |c Closed stacks P85.B4Win@100720763F | ||
| 998 | 0 | 0 | |a UMM |
| 948 | |a 16/03/1991 |b 13/08/2002 | ||
| 596 | |a 1 | ||
| 999 | |a P85 B4WIN |w LC |c 1 |i A002687365 |l STACKS |m P01UTAMA |r Y |s Y |t TESIS |u 21/1/1992 | ||
